000 00625nam a2200265Ia 4500
005 20260121170910.0
008 008 260114s9999 xx 000 0 eng d
020 _a9781484241523
037 _aEBOOK
040 _aCRL
040 _beng
040 _cCRL
041 _2eng
041 _aeng
084 _qCRL
100 _aChris Northwood
_91069538
245 4 _aThe Full Stack Developer
260 _bSpringer
260 _bSpringer
260 _c2018
856 _uhttps://link.springer.com/openurl?genre=book&isbn=978-1-4842-4152-3
942 _cEBOOK
999 _c1635268
_d1635268